Statistics for Biggest Native American tribes

Click here to take the quiz!

General Stats

  • This quiz has been taken 66 times
  • The average score is 6 of 10

Answer Stats

Population (2021)First letterTribe% Correct
332,129NNavajo
93%
819,105CCherokee
85%
111,810AApache
78%
170,110SSioux
76%
81,002IIroquois
66%
195,764CChoctaw
54%
88,332C/MCreek/Muscogee
49%
105,304B/SBlackfeet/Siksikaitsitapi
42%
170,742CChippewa
34%
73,691LLumbee
17%

Score Distribution

Percentile by Number Answered

Percent of People with Each Score

Your Score History

You have not taken this quiz